Popular Podcasts Quiz - Statistics

General Stats
  • This quiz has been taken 39 times
  • The average score is 4 of 12
Answer Stats
Hint Answer % Correct
Based on talks of the same name TED Radio Hour
66%
Ira Glass This American Life
66%
One true story told in weekly installments Serial
63%
Community updates in a (creepy) town Welcome to Night Vale
53%
Economics and two Steves Freakonomics
32%
Dedicated to the art and craft of storytelling The Moth
21%
Weekly news quiz Wait, Wait...Don't Tell Me
21%
Jad Abumrad RadioLab
18%
Neil deGrasse Tyson StarTalk
16%
Sex and relationship advice Savage Lovecast
13%
Kid Fury & Crissle The Read
11%
A show about language and how we use it A Way with Words
5%
No matching quizzes found
Score Distribution
Percent of People with Each Score
Percentile by Number Answered
Your Score History
You have not taken this quiz